000 00882nam a22001937a 4500
003 BR-ViAPE
005 20260602113611.0
008 260602m18921899por g lllls001 0 por d
040 _cBR-ViAPE
110 _aEspírito Santo
_bEstado
245 _aGoverno municipal da cidade da Victoria:
_bdecretos promulgados de 19 de dezembro de 1892 à 16 de maio de 1899
260 _aVitória
_bTyp do Diario Oficial
_c[1899]
300 _a183 p.
_bDocumento digitalizado (PDF)
500 _aDocumento digitalizado do acervo institucional do Arquivo Público do Estado do Espírito Santo - APEES.
650 _aLegislação
_xDecretos
_zVitória (ES)
651 _aEspírito Santo (Brasil)
856 _uhttps://ape.es.gov.br/Media/ape/PDF/Livros/Livros_Historicos/Obras_raras/seculo_XIX/APEES_OR_dec_vitoria_1892_a_1899.pdf
_yCLIQUE AQUI PARA ACESSAR O DOCUMENTO
942 _2ddc
_cOBRAS_RARA
_n1
999 _c747
_d747